Complete the Card - WWE Survivor Series 2001 - Statistics

General Stats
  • This quiz has been taken 280 times
  • The average score is 23 of 26
Answer Stats
Answer % Correct
Stone Cold Steve Austin
99%
Kane
98%
The Rock
98%
The Undertaker
98%
Bubba Ray Dudley
97%
D-Von Dudley
97%
Chris Jericho
96%
Jeff Hardy
96%
Kurt Angle
96%
Matt Hardy
96%
Booker T
94%
Trish Stratus
94%
Edge
92%
Rob Van Dam
92%
The Big Show
92%
Shane McMahon
90%
Lita
89%
Christian
84%
Test
83%
Jazz
80%
William Regal
79%
Mighty Molly
74%
Ivory
70%
Jacqueline
69%
Tajiri
60%
Al Snow
50%
No matching quizzes found
Score Distribution
Percent of People with Each Score
Percentile by Number Answered
Your Score History
You have not taken this quiz